An inquiry into the nature and causes of the wealth of nations
Αποθηκεύτηκε σε:
| Κύριος συγγραφέας: | |
|---|---|
| Μορφή: | Βιβλίο |
| Γλώσσα: | English |
| Δημοσίευση: |
Chicago :
University of Chicago Press,
1976.
|
| Θέματα: | |
| Ετικέτες: |
Προσθήκη ετικέτας
Δεν υπάρχουν, Καταχωρήστε ετικέτα πρώτοι!
|
MARC
| LEADER | 00000cam a2200000 i 4500 | ||
|---|---|---|---|
| 001 | 1/58691 | ||
| 008 | 950821r19761904us | ||| |||| ||eng|| | ||
| 020 | |a 0226763749 |c $8.95 | ||
| 035 | |l 10028410 | ||
| 040 | |a GR-MyUA |b gre |e AACR2 | ||
| 041 | 0 | |a eng | |
| 082 | 0 | |a 330.15/3 | |
| 100 | 1 | |a Smith, Adam, |d 1723-1790. | |
| 245 | 1 | 3 | |a An inquiry into the nature and causes of the wealth of nations / |c by Adam Smith ; edited by Edwin Cannan ; with a new preface by George J. Stigler. |
| 246 | 3 | 3 | |a Wealth of nations |
| 260 | |a Chicago : |b University of Chicago Press, |c 1976. | ||
| 300 | |a liv, 524, 568 σ. ; |c 21 εκ. | ||
| 500 | |a Reprint of the 1904 ed. published by Methuen & Co., London | ||
| 504 | |a Βιβλιογραφία: σ. 563-568. Ευρετήριο. | ||
| 650 | 0 | 0 | |a Economics. |
| 767 | 0 | 8 | |i Μεταφρασμένο ως: |t Έρευνα για τη φύση και τις αιτίες του πλούτου των εθνών : |
| 852 | |a INST |b CHIOS |e 19950821 |h 330.153 SMI |p 005200005840 |q 005200005840 |t BK |y 0 | ||
| 852 | |a INST |b CHIOS |e 19950821 |h 330.153 SMI |p 005200005841 |q 005200005841 |t BK |y 0 | ||
| 909 | |a Χ |b 005379 | ||
| 909 | |a Χ |b 005378 | ||